| 000 | nam a22 7a 4500 | ||
|---|---|---|---|
| 999 |
_c20472 _d20472 |
||
| 008 | 170119b xxu||||| |||| 00| 0 eng d | ||
| 020 | _a0675131170 | ||
| 050 | _aQA 152.2 .M47 1992 | ||
| 100 | _aMerrill | ||
| 245 |
_aAlgebra : _bapplications and connections/ _cMerrill. |
||
| 250 | _aTeacher's wraparound ed. | ||
| 260 |
_aNew York : _bGlencoe, _c1992 |
||
| 300 |
_axv, 708p. : _bcol. ill. ; _c29 cm. |
||
| 650 | _aAlgebra | ||
| 942 |
_2ddc _cBOOKS _hQA 152.2 .M47 1992 |
||